| 000 | 01199cam a2200265 4500 | ||
|---|---|---|---|
| 001 | ABS63085 | ||
| 008 | 000000n2000 000 0 eng u | ||
| 035 | _a(Sirsi) u108883 | ||
| 100 | _aCrosby, N. | ||
| 245 | 4 | _aThe influence of procedure on rent determination in the commercial property market of England and Wales | |
| 260 | _c2000 | ||
| 490 |
_aJournal of Property Investment and Finance _v18 (4) September 2000, 420-444(13) |
||
| 520 | _aExamines the effect of the rent assessment process on the level of rents and rental values in the commercial property market in England and Wales. Findings are based on a literature review, the results of a survey of surveyors and solicitors involved in commercial lettings and rent reviews, and the compilation of a database of rental valuations and transactions. Graphs. References. | ||
| 590 | _aABS | ||
| 650 | _aRENT ASSESSMENT | ||
| 650 | _aENGLAND | ||
| 650 | _aWALES | ||
| 650 | _aRENTAL VALUES | ||
| 650 | _aPROPERTY-COMMERCIAL PROPERTY-COMMERCIAL PROPERTY MARKET | ||
| 650 | _aLEASE RENEWAL | ||
| 650 | _aINVESTMENT VALUATION | ||
| 690 | _aPROPERTY-PROPERTY APPRAISAL AND VALUATION | ||
| 700 | _aMurdoch, S. | ||
| 942 | _n0 | ||
| 999 |
_c65001 _d65001 |
||